|
|
|
|
| LEADER |
00000nam0a2200000 4500 |
| 001 |
301133 |
| 005 |
20231102001354.0 |
| 020 |
|
|
|a RU
|b 83-16364
|
| 035 |
|
|
|a (RuTPU)RU\TPU\book\326286
|
| 090 |
|
|
|a 301133
|
| 100 |
|
|
|a 20150724d1983 km y0rusy5003 ca
|
| 101 |
0 |
|
|a rus
|
| 102 |
|
|
|a RU
|
| 105 |
|
|
|a a z 001zy
|
| 200 |
1 |
|
|a Бетонополимеры
|f Ю. М. Баженов
|
| 210 |
|
|
|a Москва
|c Стройиздат
|d 1983
|
| 215 |
|
|
|a 472 с.
|c ил.
|d 21 см
|
| 320 |
|
|
|a Библиогр.: с. 462-470
|
| 606 |
1 |
|
|a Полимербетон
|x Строительные материалы
|2 stltpush
|3 (RuTPU)RU\TPU\subj\50183
|9 68923
|
| 610 |
1 |
|
|a бетон
|
| 610 |
1 |
|
|a улучшение
|
| 610 |
1 |
|
|a полимеры
|
| 610 |
1 |
|
|a получение
|
| 610 |
1 |
|
|a физико-химические свойства
|
| 610 |
1 |
|
|a технология
|
| 610 |
1 |
|
|a технологические процессы
|
| 610 |
1 |
|
|a моделирование
|
| 610 |
1 |
|
|a структура
|
| 610 |
1 |
|
|a виды
|
| 610 |
1 |
|
|a бетонополимерные изделия
|
| 610 |
1 |
|
|a производство
|
| 675 |
|
|
|a 691.31:678.06
|z rus
|v 4
|
| 700 |
|
1 |
|a Баженов
|b Ю. М.
|g Юрий Михайлович
|4 070
|
| 801 |
|
0 |
|a RU
|b RuMRKP
|c 19950704
|g psbo
|
| 801 |
|
1 |
|a RU
|b 63413507
|c 20150724
|
| 801 |
|
2 |
|a RU
|b 63413507
|c 20170808
|g RCR
|
| 942 |
|
|
|c BK
|